Normal view
MARC view
- D.H. Lawrence Conference
Entry Meeting Name
001 - CONTROL NUMBER
- control field: 11223
003 - CONTROL NUMBER IDENTIFIER
- control field: NUST
005 - DATE AND TIME OF LATEST TRANSACTION
- control field: 20180625114829.0
008 - FIXED-LENGTH DATA ELEMENTS
- fixed length control field: 180625|| aca||aabn | a|a d
040 ## - CATALOGING SOURCE
- Original cataloging agency: NUST
- Transcribing agency: NUST
111 ## - HEADING--MEETING NAME
- Meeting name or jurisdiction name as entry element: D.H. Lawrence Conference
- Date of meeting: (1979 :
- Location of meeting: Southern Illinois University, Carbondale)
670 ## - SOURCE DATA FOUND
- Source citation: Work cat.: (NUST)0: D.H. Lawrence Conference (1979 : Southern Illinois University, Carbondale), The collected short stories /, 2010
